000 00327nam a2200109Ia 4500
008 171211s9999 xx 000 0 und d
245 _aGame Theory: Interactive Strategies in Economics and Management
245 _cAviad Heifetz
260 _c2013
650 _xEconomics
856 _uhttp://down.ebook777.com/064/0415684080.pdf
999 _c348103
_d348103